[Event "ch-RUS Superfinal w 2014"]
[Site "Kazan RUS"]
[Date "2014.11.28"]
[Round "1.1"]
[White "Kovalevskaya, Ekaterina"]
[Black "Kosteniuk, Alexandra"]
[Result "0-1"]
[WhiteTitle "IM"]
[BlackTitle "GM"]
[WhiteElo "2439"]
[BlackElo "2541"]
[WhiteFideId "4116704"]
[BlackFideId "4128125"]
[EventDate "2014.11.28"]

1. c4 e6 2. Nf3 d5 3. e3 Nf6 4. b3 c5 5. Bb2 Nc6 6. cxd5 exd5 7. Be2 Be7 8. O-O
d4 9. exd4 Nxd4 10. Nxd4 cxd4 11. d3 O-O 12. Nd2 Bf5 13. Nf3 Bc5 14. Rc1 Qd6 15.
Rc4 b5 16. Rxd4 Bxd4 17. Nxd4 Bd7 18. Qd2 Rac8 19. h3 h6 20. Bf3 Rfe8 21. Qa5 a6
22. Bb7 Rb8 23. Bf3 b4 24. Bc6 Bxc6 25. Qxa6 Rbc8 26. Rc1 Nd5 27. Nf5 Qf4 28.
Nxg7 Bb7 0-1

[Event "ch-RUS Superfinal w 2014"]
[Site "Kazan RUS"]
[Date "2014.11.28"]
[Round "1.2"]
[White "Kashlinskaya, Alina"]
[Black "Galliamova, Alisa"]
[Result "1-0"]
[WhiteTitle "IM"]
[BlackTitle "IM"]
[WhiteElo "2439"]
[BlackElo "2471"]
[WhiteFideId "4198026"]
[BlackFideId "4129725"]
[EventDate "2014.11.28"]

1. d4 d5 2. c4 c6 3. Nf3 Nf6 4. e3 g6 5. Nc3 Bg7 6. Bd3 O-O 7. O-O Bg4 8. h3
Bxf3 9. Qxf3 e6 10. Rd1 Nbd7 11. Qe2 Qe7 12. b3 Rad8 13. a4 b6 14. a5 dxc4 15.
bxc4 e5 16. Ba3 c5 17. Nb5 bxa5 18. Nxa7 Ra8 19. Nb5 Rfc8 20. Rab1 Ra6 21. d5 e4
22. Bc2 Ne8 23. Ba4 Ne5 24. Nd4 Nd6 25. Nc6 Raxc6 26. dxc6 Ndxc4 27. Rb7 Qf8 28.
Bc1 Nd6 29. Rd7 Ndc4 30. Bb5 Nb6 31. Rb7 Na8 32. Rbd7 Nc7 33. Ba3 Nxd7 34. cxd7
Rd8 35. Qc4 Bf6 36. Bxc5 Qh6 37. Bb6 Nxb5 38. Qxb5 Rb8 39. d8=Q+ 1-0

[Event "ch-RUS Superfinal w 2014"]
[Site "Kazan RUS"]
[Date "2014.11.28"]
[Round "1.3"]
[White "Gritsayeva, Oksana"]
[Black "Bodnaruk, Anastasia"]
[Result "0-1"]
[WhiteTitle "WFM"]
[BlackTitle "IM"]
[WhiteElo "2335"]
[BlackElo "2411"]
[WhiteFideId "14104652"]
[BlackFideId "4181751"]
[EventDate "2014.11.28"]

1. d4 d6 2. c4 f5 3. Nc3 Nf6 4. Bg5 g6 5. Bxf6 exf6 6. e3 c6 7. h4 h5 8. Nh3 Be6
9. Be2 Bf7 10. Nf4 Bh6 11. g3 Bxf4 12. gxf4 O-O 13. Rg1 Kh7 14. Qc2 d5 15. cxd5
cxd5 16. Bxh5 gxh5 17. Qxf5+ Kh6 18. Nxd5 Nd7 19. Nc3 Rg8 20. Rxg8 Bxg8 21. Qe4
Bh7 22. f5 Qa5 23. Qf4+ Kg7 24. e4 Rc8 25. O-O-O Qxa2 26. e5 Nb6 27. exf6+ Kh8
28. Qh6 Qg8 29. Rd3 Qf8 30. Qxf8+ Rxf8 31. Re3 Rxf6 32. Re7 Rxf5 33. Ne4 Rf4 34.
Ng5 Bg6 35. Rxb7 Rxf2 36. Rxa7 Nc4 37. Ra8+ Kg7 38. Ne6+ Kh6 39. Rh8+ Bh7 40.
Kd1 Nxb2+ 41. Ke1 Nd3+ 42. Kd1 Rf7 43. Rd8 Bf5 44. d5 Ra7 45. Rd6 Kh7 46. Kd2
Ne5 47. Kc3 Ra4 48. Rd8 Rc4+ 49. Kb2 Rxh4 50. Rf8 Bxe6 51. dxe6 Re4 52. Kc2 Ng6
53. Rf5 Kh6 0-1

[Event "ch-RUS Superfinal w 2014"]
[Site "Kazan RUS"]
[Date "2014.11.28"]
[Round "1.4"]
[White "Girya, Olga"]
[Black "Pogonina, Natalija"]
[Result "1-0"]
[WhiteTitle "WGM"]
[BlackTitle "WGM"]
[WhiteElo "2457"]
[BlackElo "2480"]
[WhiteFideId "4195752"]
[BlackFideId "4147855"]
[EventDate "2014.11.28"]

1. d4 Nf6 2. c4 e6 3. Nf3 d5 4. Nc3 Be7 5. Bf4 O-O 6. e3 Nbd7 7. Be2 dxc4 8. O-O
c5 9. dxc5 Bxc5 10. Bxc4 a6 11. a4 b6 12. Qe2 Bb7 13. Rfd1 Qe7 14. Ne5 Rfd8 15.
Nxd7 Nxd7 16. Bg3 Nf8 17. Rxd8 Qxd8 18. Rd1 Qe8 19. Bd3 Bb4 20. Be4 Bxe4 21.
Nxe4 Qxa4 22. h4 Be7 23. Rd4 Qa5 24. Bd6 Bxd6 25. Nxd6 Rd8 26. Qf3 Rd7 27. b4
Qa1+ 28. Kh2 Qc3 29. Qg3 Qc7 30. h5 h6 31. e4 f6 32. e5 fxe5 33. Ne8 Qb7 34.
Rxd7 1-0

[Event "ch-RUS Superfinal w 2014"]
[Site "Kazan RUS"]
[Date "2014.11.28"]
[Round "1.5"]
[White "Gunina, Valentina"]
[Black "Goryachkina, Aleksandra"]
[Result "0-1"]
[WhiteTitle "GM"]
[BlackTitle "WGM"]
[WhiteElo "2522"]
[BlackElo "2438"]
[WhiteFideId "4167570"]
[BlackFideId "4147103"]
[EventDate "2014.11.28"]

1. e4 e5 2. Nf3 Nc6 3. Bb5 Nf6 4. O-O Nxe4 5. d4 Nd6 6. Bxc6 dxc6 7. dxe5 Nf5 8.
Qe2 Nd4 9. Qe4 Bc5 10. Nc3 Bf5 11. Qf4 Nxf3+ 12. Qxf3 Bxc2 13. Be3 Bxe3 14. Qxe3
O-O 15. f4 Bf5 16. Rad1 Qh4 17. h3 Rfd8 18. g4 Be6 19. b3 Rxd1 20. Rxd1 Re8 21.
f5 Bc8 22. Rd4 Rd8 23. f6 Rxd4 24. Qxd4 Qg3+ 25. Kf1 h5 26. Ne4 Qxh3+ 27. Ke1
Qh1+ 28. Kd2 Bxg4 29. Qd8+ Kh7 30. Qf8 Qg2+ 31. Kc3 Be6 32. fxg7 Qxg7 33. Nf6+
Kh6 34. Qc5 Qg3+ 35. Kb2 h4 36. Ka3 Kg6 37. Qc2+ Bf5 38. Qe2 Qg5 39. Qd1 a5 40.
Kb2 Be6 41. Qd3+ Qf5 42. Qe3 b5 43. Kc3 Qg5 44. Qe2 h3 45. Kd4 Qg1+ 46. Kd3 Bf5+
47. Kd2 Qg2 0-1

[Event "ch-RUS Superfinal w 2014"]
[Site "Kazan RUS"]
[Date "2014.11.29"]
[Round "2.1"]
[White "Kosteniuk, Alexandra"]
[Black "Bodnaruk, Anastasia"]
[Result "1-0"]
[WhiteTitle "GM"]
[BlackTitle "IM"]
[WhiteElo "2541"]
[BlackElo "2411"]
[WhiteFideId "4128125"]
[BlackFideId "4181751"]
[EventDate "2014.11.28"]

1. e4 d6 2. d4 Nf6 3. Nc3 g6 4. Be3 a6 5. Nf3 Bg7 6. Qd2 b5 7. Bh6 O-O 8. Bd3
Nc6 9. e5 dxe5 10. Bxg7 Kxg7 11. dxe5 Ng4 12. O-O-O b4 13. Rhe1 bxc3 14. Qxc3
Qd5 15. Be4 Qxa2 16. Bxc6 Rb8 17. h3 Nxf2 18. e6+ f6 19. Rd4 Qa1+ 20. Kd2 Qxb2
21. Qc5 Kh8 22. Qxe7 Bxe6 23. Rxe6 Qa1 24. Rd7 Qd1+ 25. Ke3 1-0

[Event "ch-RUS Superfinal w 2014"]
[Site "Kazan RUS"]
[Date "2014.11.29"]
[Round "2.2"]
[White "Goryachkina, Aleksandra"]
[Black "Kashlinskaya, Alina"]
[Result "1-0"]
[WhiteTitle "WGM"]
[BlackTitle "IM"]
[WhiteElo "2438"]
[BlackElo "2439"]
[WhiteFideId "4147103"]
[BlackFideId "4198026"]
[EventDate "2014.11.28"]

1. d4 Nf6 2. c4 g6 3. Nc3 d5 4. cxd5 Nxd5 5. e4 Nxc3 6. bxc3 Bg7 7. Nf3 c5 8.
Be3 Qa5 9. Qd2 Nc6 10. Rb1 a6 11. Rc1 O-O 12. d5 Rd8 13. Be2 Bg4 14. O-O e6 15.
Bg5 Rd7 16. Qf4 Bxf3 17. dxc6 Bxe2 18. cxd7 Bxf1 19. Rxf1 e5 20. Qd2 f6 21. Qd5+
Kh8 22. Be3 Rd8 23. Rd1 Bf8 24. Qf7 Qb6 25. f4 exf4 26. Bxf4 Qc6 27. h3 b5 28.
e5 g5 29. Bg3 b4 30. e6 1-0

[Event "ch-RUS Superfinal w 2014"]
[Site "Kazan RUS"]
[Date "2014.11.29"]
[Round "2.3"]
[White "Galliamova, Alisa"]
[Black "Girya, Olga"]
[Result "1-0"]
[WhiteTitle "IM"]
[BlackTitle "WGM"]
[WhiteElo "2471"]
[BlackElo "2457"]
[WhiteFideId "4129725"]
[BlackFideId "4195752"]
[EventDate "2014.11.28"]

1. d4 d5 2. c4 c6 3. Nc3 Nf6 4. e3 Bf5 5. cxd5 cxd5 6. Qb3 Nc6 7. Qxb7 Bd7 8.
Qb3 Rb8 9. Qd1 e5 10. dxe5 Nxe5 11. Nge2 Qc7 12. Nf4 Bb4 13. Bd2 Qb7 14. Be2 O-O
15. O-O Rfd8 16. Qc2 Bc6 17. Rfd1 Bd6 18. Rab1 g5 19. Nh5 Nxh5 20. Bxh5 Qe7 21.
Ne2 Nc4 22. Ng3 Bxg3 23. hxg3 Rbc8 24. Bc3 d4 25. Rxd4 Rxd4 26. exd4 Bd5 27. Re1
Qd7 28. Qe2 Rb8 29. b3 Nb6 30. Qe5 Qd8 31. Bb4 Be6 32. Be7 1-0

[Event "ch-RUS Superfinal w 2014"]
[Site "Kazan RUS"]
[Date "2014.11.29"]
[Round "2.4"]
[White "Kovalevskaya, Ekaterina"]
[Black "Gunina, Valentina"]
[Result "1-0"]
[WhiteTitle "IM"]
[BlackTitle "GM"]
[WhiteElo "2439"]
[BlackElo "2522"]
[WhiteFideId "4116704"]
[BlackFideId "4167570"]
[EventDate "2014.11.28"]

1. e4 c6 2. Nc3 d5 3. Nf3 Bg4 4. h3 Bxf3 5. Qxf3 Nf6 6. d3 d4 7. Ne2 e5 8. g4
Na6 9. a3 Qa5+ 10. Bd2 Bb4 11. c3 dxc3 12. bxc3 Be7 13. Ng3 Nc5 14. Rb1 Qxa3 15.
Be2 Qa2 16. Rd1 O-O-O 17. O-O g6 18. Be3 Qe6 19. g5 Nfd7 20. d4 Na4 21. d5 Qd6
22. dxc6 Qxc6 23. Qxf7 Bc5 24. Bg4 Bxe3 25. fxe3 Nb6 26. Rf6 Qxc3 27. Nf1 Qc7
28. Rfd6 Kb8 29. Bxd7 Rhf8 30. Qe6 Nc4 31. R6d5 Nb2 32. R1d2 Nc4 33. Rd1 Nb2 34.
R1d2 Nc4 35. Rd1 a6 36. Rc1 Rxf1+ 37. Rxf1 Nxe3 38. Rf7 Qc1+ 39. Kf2 Nxd5 40.
Qxd5 Qxg5 41. Qd6+ Ka7 42. Qc5+ Ka8 43. Qe3 Qh4+ 44. Kg2 Rb8 45. Bc6 Qd8 46. Bd5
h6 47. Qb3 Qg5+ 48. Kf3 Qh5+ 49. Kf2 Qh4+ 50. Kf1 1-0

[Event "ch-RUS Superfinal w 2014"]
[Site "Kazan RUS"]
[Date "2014.11.29"]
[Round "2.5"]
[White "Pogonina, Natalija"]
[Black "Gritsayeva, Oksana"]
[Result "1/2-1/2"]
[WhiteTitle "WGM"]
[BlackTitle "WFM"]
[WhiteElo "2480"]
[BlackElo "2335"]
[WhiteFideId "4147855"]
[BlackFideId "14104652"]
[EventDate "2014.11.28"]

1. d4 Nf6 2. Nf3 c5 3. d5 g6 4. c4 d6 5. Nc3 Bg7 6. e4 Bg4 7. Be2 a6 8. O-O O-O
9. h3 Bxf3 10. Bxf3 Ne8 11. Be3 b5 12. cxb5 axb5 13. Nxb5 Bxb2 14. Rb1 Bg7 15.
Qb3 Na6 16. Be2 Nf6 17. Nc3 Qa5 18. Bb5 Rfb8 19. Qc4 Nb4 20. Bd2 Nc2 21. Qd3 Na3
22. Na4 c4 23. Qe3 Nc2 24. Qe2 Nd4 25. Qe3 Qa7 26. Bxc4 Qxa4 27. Qxd4 Nd7 28.
Qd3 Ne5 29. Bb3 Nxd3 30. Bxa4 Rxb1 31. Rxb1 Bd4 32. Bc6 Rxa2 33. Bh6 Ra1 34.
Rxa1 Bxa1 35. Be3 Nc5 36. Bxc5 dxc5 37. Bb5 g5 38. g3 Be5 39. Kg2 Kg7 40. Kf3 h5
41. Ke3 1/2-1/2

[Event "ch-RUS Superfinal w 2014"]
[Site "Kazan RUS"]
[Date "2014.11.30"]
[Round "3.1"]
[White "Gunina, Valentina"]
[Black "Kosteniuk, Alexandra"]
[Result "1-0"]
[WhiteTitle "GM"]
[BlackTitle "GM"]
[WhiteElo "2522"]
[BlackElo "2541"]
[WhiteFideId "4167570"]
[BlackFideId "4128125"]
[EventDate "2014.11.28"]

1. Nf3 d5 2. d4 Nf6 3. c4 e6 4. Nc3 c5 5. cxd5 Nxd5 6. e4 Nxc3 7. bxc3 cxd4 8.
cxd4 Bb4+ 9. Bd2 Bxd2+ 10. Qxd2 O-O 11. Bc4 Nd7 12. O-O b6 13. Rfe1 Bb7 14. Rad1
Rc8 15. Bb3 Qf6 16. Qe3 h6 17. Nd2 b5 18. Qd3 Qg5 19. Nf3 Qh5 20. d5 a6 21. dxe6
Nc5 22. exf7+ Kh8 23. Qd6 Nxb3 24. Ne5 Kh7 25. axb3 Qg5 26. h4 Qf6 27. h5 Rc2
28. f3 Qh4 29. Qg6+ Kh8 30. Qg4 Qxg4 31. fxg4 Kh7 32. Rd7 Bc6 33. Ng6 1-0

[Event "ch-RUS Superfinal w 2014"]
[Site "Kazan RUS"]
[Date "2014.11.30"]
[Round "3.2"]
[White "Girya, Olga"]
[Black "Goryachkina, Aleksandra"]
[Result "1-0"]
[WhiteTitle "WGM"]
[BlackTitle "WGM"]
[WhiteElo "2457"]
[BlackElo "2438"]
[WhiteFideId "4195752"]
[BlackFideId "4147103"]
[EventDate "2014.11.28"]

1. d4 d5 2. c4 c6 3. Nf3 Nf6 4. e3 Bf5 5. Nc3 e6 6. Nh4 Bg6 7. Nxg6 hxg6 8. Bd3
Nbd7 9. O-O Bd6 10. h3 Qe7 11. Bd2 dxc4 12. Bxc4 Nb6 13. Bb3 e5 14. Qc2 Rh5 15.
a4 exd4 16. exd4 Qd7 17. Rfe1+ Kf8 18. a5 Nbd5 19. Nxd5 Nxd5 20. a6 b6 21. Rac1
Rc8 22. Qd3 Nf4 23. Bxf4 Bxf4 24. Rc3 g5 25. Bd1 Rh4 26. Bg4 Rxg4 27. hxg4 g6
28. g3 Bd6 29. Rec1 Be7 30. Qe4 c5 31. dxc5 Rxc5 32. Rxc5 Bxc5 33. Rc2 Qd6 34.
Kg2 b5 35. b4 Bb6 36. Rc8+ Kg7 37. Qe8 Qd5+ 38. Kh2 Kf6 39. Rc6+ Kg7 40. Rxb6
Qa2 41. Qe5+ Kh7 42. Rf6 1-0

[Event "ch-RUS Superfinal w 2014"]
[Site "Kazan RUS"]
[Date "2014.11.30"]
[Round "3.3"]
[White "Gritsayeva, Oksana"]
[Black "Galliamova, Alisa"]
[Result "1/2-1/2"]
[WhiteTitle "WFM"]
[BlackTitle "IM"]
[WhiteElo "2335"]
[BlackElo "2471"]
[WhiteFideId "14104652"]
[BlackFideId "4129725"]
[EventDate "2014.11.28"]

1. e4 c5 2. Nf3 e6 3. c3 d5 4. exd5 Qxd5 5. d4 Nf6 6. Na3 a6 7. Nc4 Nbd7 8. Ne3
Qc6 9. Be2 Be7 10. O-O O-O 11. c4 cxd4 12. Nxd4 Qc7 13. b3 b6 14. Bf3 Bb7 15.
Bb2 Rfd8 16. Qe2 Nc5 17. Rad1 Nfe4 18. Rfe1 Rd7 19. Ba1 Rad8 20. b4 Na4 21. Qc2
Bxb4 22. Bxe4 Bxe4 23. Qxe4 Bxe1 24. Rxe1 Nc5 25. Qg4 h5 26. Qh4 Nd3 27. Rf1 Qf4
28. Qxf4 Nxf4 29. g3 Rxd4 30. gxf4 Rxf4 31. Be5 Re4 32. Bc7 Rd2 33. Bxb6 f5 34.
f3 Re5 35. Rf2 Rd3 36. Nc2 f4 37. h4 g5 38. hxg5 Rd1+ 39. Kh2 Rxg5 40. Nd4 Kf7
41. Ne2 Rb1 42. Bd8 Rg8 43. Bh4 e5 44. c5 Ra1 45. Nc3 Rgg1 46. Kh3 Rgc1 47. Ne4
Rh1+ 48. Rh2 Rxh2+ 49. Kxh2 Rxa2+ 50. Kh3 Ke6 51. Bd8 Kd7 52. Bf6 Ke6 53. Bd8
Kd7 54. Bf6 Ke6 55. Bd8 1/2-1/2

[Event "ch-RUS Superfinal w 2014"]
[Site "Kazan RUS"]
[Date "2014.11.30"]
[Round "3.4"]
[White "Bodnaruk, Anastasia"]
[Black "Pogonina, Natalija"]
[Result "0-1"]
[WhiteTitle "IM"]
[BlackTitle "WGM"]
[WhiteElo "2411"]
[BlackElo "2480"]
[WhiteFideId "4181751"]
[BlackFideId "4147855"]
[EventDate "2014.11.28"]

1. e4 e5 2. Nf3 Nc6 3. Bb5 Nf6 4. d3 Bc5 5. Bxc6 dxc6 6. h3 Nd7 7. Nbd2 O-O 8.
Nc4 Qe7 9. O-O Bd6 10. c3 a5 11. Re1 b5 12. Ne3 Nb6 13. d4 exd4 14. Qxd4 c5 15.
Qd3 c4 16. Qc2 Qf6 17. Nd4 Bd7 18. Ndf5 Rfe8 19. Bd2 h5 20. Rad1 Bc5 21. Bc1 Bc6
22. Nf1 Nd7 23. Nd4 Ne5 24. Ng3 Nd3 25. Re3 h4 26. Ngf5 Rxe4 27. Qe2 Rae8 28.
Bd2 Rxe3 29. Bxe3 Bxg2 30. Qg4 Be4 31. Bg5 Bxf5 32. Nxf5 Nxf2 33. Bxf6 Nxg4+ 34.
Bd4 Bxd4+ 35. Nxd4 Ne5 36. Nxb5 Rb8 37. Rd5 Nf3+ 38. Kf2 c6 39. Rd1 Ng5 40. Na3
Rxb2+ 41. Ke3 Rxa2 42. Nxc4 Rh2 43. Nxa5 Rxh3+ 44. Kd4 c5+ 45. Kc4 Ne4 0-1

[Event "ch-RUS Superfinal w 2014"]
[Site "Kazan RUS"]
[Date "2014.11.30"]
[Round "3.5"]
[White "Kashlinskaya, Alina"]
[Black "Kovalevskaya, Ekaterina"]
[Result "1/2-1/2"]
[WhiteTitle "IM"]
[BlackTitle "IM"]
[WhiteElo "2439"]
[BlackElo "2439"]
[WhiteFideId "4198026"]
[BlackFideId "4116704"]
[EventDate "2014.11.28"]

1. d4 Nf6 2. c4 c5 3. d5 b5 4. cxb5 a6 5. bxa6 g6 6. Nc3 Bg7 7. e4 O-O 8. Be2
Qa5 9. Bd2 Bxa6 10. e5 Ne8 11. Nf3 d6 12. exd6 Nxd6 13. O-O Qb6 14. Rb1 Nd7 15.
Re1 Rfe8 16. b3 Qb7 17. a4 Nb6 18. Bxa6 Rxa6 19. Qe2 Raa8 20. Qd3 Qa6 21. Qc2 c4
22. b4 Qb7 23. Ne5 Nxd5 24. b5 e6 25. h3 Rec8 26. a5 Nxc3 27. a6 Qd5 28. Bxc3
Nxb5 29. Red1 Nxc3 30. Rxd5 Nxd5 31. Nxc4 Rxa6 32. Qb3 Rac6 33. Nd2 Rc1+ 34.
Rxc1 Rxc1+ 35. Kh2 Be5+ 36. g3 Kg7 37. Kg2 Rc3 38. Qa4 Rc7 39. Ne4 h6 40. Qa2
Rb7 41. Qa6 Rb6 42. Qa7 Bd4 43. h4 e5 44. h5 gxh5 45. Qa3 Rb2 46. Qf3 f5 47. Nd2
Nf6 48. Qd1 Ng4 49. Qc1 Kg6 50. f3 Rc2 51. Qe1 Bc3 52. fxg4 Rxd2+ 53. Kf1 hxg4
54. Qe3 Rd1+ 55. Kg2 Bd4 56. Qb3 Rd2+ 57. Kf1 Kf6 58. Qd5 Rf2+ 1/2-1/2

[Event "ch-RUS Superfinal w 2014"]
[Site "Kazan RUS"]
[Date "2014.12.01"]
[Round "4.1"]
[White "Kosteniuk, Alexandra"]
[Black "Pogonina, Natalija"]
[Result "1-0"]
[WhiteTitle "GM"]
[BlackTitle "WGM"]
[WhiteElo "2541"]
[BlackElo "2480"]
[WhiteFideId "4128125"]
[BlackFideId "4147855"]
[EventDate "2014.11.28"]

1. d4 Nf6 2. c4 e6 3. Nf3 d5 4. Nc3 Be7 5. Bf4 O-O 6. e3 Nbd7 7. c5 Nh5 8. b4
Nxf4 9. exf4 c6 10. Bd3 Qc7 11. g3 b6 12. O-O a5 13. a3 Ba6 14. Bxa6 Rxa6 15.
Qe2 Ra7 16. f5 e5 17. dxe5 bxc5 18. bxc5 Re8 19. e6 Nxc5 20. exf7+ Kxf7 21. Rac1
Raa8 22. Qd1 Qd6 23. Na4 Nxa4 24. Rxc6 Qd8 25. Qxa4 Bf6 26. Rd1 Re7 27. Rc5 Qd7
28. Qb3 Qxf5 29. Rdxd5 Qe6 30. Rc6 Rb8 31. Ng5+ Bxg5 32. Qf3+ 1-0

[Event "ch-RUS Superfinal w 2014"]
[Site "Kazan RUS"]
[Date "2014.12.01"]
[Round "4.2"]
[White "Goryachkina, Aleksandra"]
[Black "Gritsayeva, Oksana"]
[Result "1-0"]
[WhiteTitle "WGM"]
[BlackTitle "WFM"]
[WhiteElo "2438"]
[BlackElo "2335"]
[WhiteFideId "4147103"]
[BlackFideId "14104652"]
[EventDate "2014.11.28"]

1. d4 Nf6 2. c4 e6 3. Nf3 b6 4. g3 Ba6 5. Qa4 Bb7 6. Bg2 c5 7. dxc5 Bxc5 8. O-O
O-O 9. Nc3 a6 10. Bf4 Be7 11. Rfd1 d6 12. Rac1 Qc7 13. Qb4 Ne8 14. Na4 Nd7 15.
Qa3 Nc5 16. b4 Nxa4 17. Qxa4 Bc6 18. Qb3 Qb7 19. a4 Rd8 20. Bh3 Bf6 21. b5 axb5
22. axb5 Be4 23. Nd2 Bg6 24. Bg2 Qb8 25. Qa3 Rd7 26. Bc6 Ra7 27. Qb3 Bd4 28. Be3
Bc5 29. Ra1 Nf6 30. Ra6 Qc7 31. Bg2 Rd8 32. Rda1 Rxa6 33. bxa6 Bxe3 34. Qxe3 d5
35. a7 Ra8 36. Qa3 h6 37. cxd5 exd5 38. Nb3 Be4 39. Nd4 Bxg2 40. Kxg2 Ne4 41.
Nb5 Qc6 42. Qb4 Kh7 43. Rb1 Qf6 44. f3 Nc5 45. Qf4 Qe7 46. Rb2 g6 47. Qb8 Qb7
48. Qxb7 Nxb7 49. Rd2 Kg7 50. Rxd5 1-0

[Event "ch-RUS Superfinal w 2014"]
[Site "Kazan RUS"]
[Date "2014.12.01"]
[Round "4.3"]
[White "Kovalevskaya, Ekaterina"]
[Black "Girya, Olga"]
[Result "0-1"]
[WhiteTitle "IM"]
[BlackTitle "WGM"]
[WhiteElo "2439"]
[BlackElo "2457"]
[WhiteFideId "4116704"]
[BlackFideId "4195752"]
[EventDate "2014.11.28"]

1. e4 c6 2. Nc3 d5 3. Nf3 Bg4 4. h3 Bxf3 5. Qxf3 Nf6 6. d3 e6 7. Bd2 Qb6 8.
O-O-O d4 9. Ne2 Na6 10. c3 e5 11. Qf5 Nd7 12. cxd4 g6 13. Qg5 exd4 14. Qa5 Nb4
15. Qxb6 Nxd3+ 16. Kc2 axb6 17. Kxd3 Nc5+ 18. Kc2 d3+ 19. Kc1 Rxa2 20. Kb1 dxe2
21. Bxe2 Ra4 22. Bc3 Rg8 23. f3 b5 24. Kc2 Bg7 25. Bxg7 Rxg7 26. Rd6 Ke7 27.
Rhd1 Rg8 28. e5 Rga8 29. g3 Rb4 30. R6d4 Rxd4 31. Rxd4 Ne6 32. Rd1 c5 33. Rd6
Nd4+ 34. Kd3 Ra2 35. Rb6 Rxb2 36. Bd1 Rb1 37. Kd2 c4 38. Bc2 Nxc2 39. Kxc2 Rb3
40. f4 Rxg3 41. Rxb7+ Ke6 42. Rxb5 Rf3 43. Rb6+ Ke7 44. Rb7+ Kf8 45. e6 Rxf4 46.
Kc3 h5 47. exf7 Rh4 48. Ra7 Rxh3+ 49. Kxc4 Rf3 50. Kd5 Rxf7 51. Ra6 Kg7 52. Ke4
Kh6 53. Ke3 Kg5 54. Ra1 h4 55. Ke2 Kh5 56. Rg1 g5 0-1

[Event "ch-RUS Superfinal w 2014"]
[Site "Kazan RUS"]
[Date "2014.12.01"]
[Round "4.4"]
[White "Galliamova, Alisa"]
[Black "Bodnaruk, Anastasia"]
[Result "1-0"]
[WhiteTitle "IM"]
[BlackTitle "IM"]
[WhiteElo "2471"]
[BlackElo "2411"]
[WhiteFideId "4129725"]
[BlackFideId "4181751"]
[EventDate "2014.11.28"]

1. d4 Nf6 2. c4 e6 3. Nc3 Bb4 4. g3 c5 5. Nf3 O-O 6. Bg2 d5 7. dxc5 dxc4 8. O-O
Nc6 9. Qc2 Bxc5 10. Na4 Be7 11. Qxc4 Qa5 12. Bd2 Qh5 13. h3 e5 14. g4 Bxg4 15.
hxg4 Nxg4 16. Nc3 Nd4 17. Rfd1 Bh4 18. Ne4 Rac8 19. Qd3 f5 20. Ng3 Bxg3 21. fxg3
f4 22. gxf4 Nf5 23. Bb4 Ng3 24. Bxf8 Rxf8 25. e4 Rxf4 26. Qc4+ Kf8 27. Rd8+ Ke7
28. Qc7+ Kf6 29. Rd6# 1-0

[Event "ch-RUS Superfinal w 2014"]
[Site "Kazan RUS"]
[Date "2014.12.01"]
[Round "4.5"]
[White "Gunina, Valentina"]
[Black "Kashlinskaya, Alina"]
[Result "1-0"]
[WhiteTitle "GM"]
[BlackTitle "IM"]
[WhiteElo "2522"]
[BlackElo "2439"]
[WhiteFideId "4167570"]
[BlackFideId "4198026"]
[EventDate "2014.11.28"]

1. d4 Nf6 2. Nf3 g6 3. Bg5 Bg7 4. c3 O-O 5. Nbd2 d5 6. e3 Nbd7 7. Be2 c5 8. O-O
b6 9. a4 Bb7 10. a5 Bc6 11. Qb3 Re8 12. Rfd1 Qc8 13. Bh4 Qb7 14. a6 Qc8 15. Bb5
e5 16. dxe5 Nxe5 17. Nxe5 Rxe5 18. Nf3 Rf5 19. Be2 Ne4 20. g4 Rf6 21. Ne5 g5 22.
Bg3 c4 23. Qc2 Qe6 24. Nxc6 Qxc6 25. Bf1 Re8 26. Bg2 Rfe6 27. Bxe4 Rxe4 28. Qd2
Rd8 29. Qe2 Qe6 30. Rd2 Be5 31. f3 Bxc3 32. fxe4 Bxd2 33. Qxd2 Qxg4 34. exd5 h5
35. Qd4 Qe2 36. Re1 Qc2 37. e4 h4 38. Qf6 1-0

[Event "ch-RUS Superfinal w 2014"]
[Site "Kazan RUS"]
[Date "2014.12.02"]
[Round "5.1"]
[White "Kashlinskaya, Alina"]
[Black "Kosteniuk, Alexandra"]
[Result "1-0"]
[WhiteTitle "IM"]
[BlackTitle "GM"]
[WhiteElo "2439"]
[BlackElo "2541"]
[WhiteFideId "4198026"]
[BlackFideId "4128125"]
[EventDate "2014.11.28"]

1. d4 Nf6 2. c4 e6 3. Nc3 Bb4 4. e3 O-O 5. Bd3 d5 6. Nf3 c5 7. O-O cxd4 8. exd4
dxc4 9. Bxc4 b6 10. Bg5 Bb7 11. Re1 Nc6 12. a3 Bxc3 13. bxc3 Ne7 14. Bd3 Ng6 15.
Ne5 Qc7 16. Re3 Rfc8 17. Rc1 Qd6 18. a4 Rc7 19. Rg3 Ne4 20. Bxe4 Bxe4 21. Qe2
Qd5 22. Nxg6 Bxg6 23. h4 h5 24. Bf4 Rc6 25. Be5 Rac8 26. Rg5 Rxc3 27. Rxc3 Rxc3
28. Bxg7 Qc4 29. Qe5 Qc7 30. f4 Qxe5 31. Bxe5 Rd3 32. Kf2 Kh7 33. Ke2 Ra3 34. d5
f6 35. Bxf6 Bd3+ 36. Kf2 exd5 37. f5 Rxa4 38. Ke3 Bc2 39. Rg7+ Kh6 40. Rf7 Bxf5 1-0

[Event "ch-RUS Superfinal w 2014"]
[Site "Kazan RUS"]
[Date "2014.12.02"]
[Round "5.2"]
[White "Bodnaruk, Anastasia"]
[Black "Goryachkina, Aleksandra"]
[Result "0-1"]
[WhiteTitle "IM"]
[BlackTitle "WGM"]
[WhiteElo "2411"]
[BlackElo "2438"]
[WhiteFideId "4181751"]
[BlackFideId "4147103"]
[EventDate "2014.11.28"]

1. e4 e5 2. Nc3 Nf6 3. g3 Nc6 4. Bg2 Bc5 5. d3 d6 6. Na4 Bg4 7. f3 Be6 8. Ne2
Qe7 9. c3 d5 10. Nxc5 Qxc5 11. b4 Qd6 12. b5 Ne7 13. a4 dxe4 14. fxe4 Rd8 15. d4
Qd7 16. h3 c6 17. Be3 O-O 18. Qc2 Qc8 19. bxc6 bxc6 20. Bg5 Rfe8 21. Bxf6 gxf6
22. h4 Bc4 23. O-O Qg4 24. Bf3 Qg7 25. Kh2 Bxe2 26. Bxe2 exd4 27. cxd4 Rxd4 28.
Qc5 Rxe4 29. Bd3 Re5 30. Qxa7 Nd5 31. Rf3 Ne3 32. Qd4 c5 33. Qd7 R5e7 34. Qc6
Ng4+ 35. Kh1 Ne5 36. Qd5 Nxf3 37. Qxf3 Re3 38. Qf5 Rxg3 39. Rf1 Kh8 40. a5 Rg8
41. Be4 Rg1+ 0-1